=LDR 00000nam 2200000 4500 =001 INLIS000000000018553 =005 20130612113726 =008 ***********************************Ind** =035 ##$$0010-061300000018553 =041 ##$$a Ind =082 ##$$a R.439.310 3 =090 ##$$a R.439.310 3, Lea k =100 ##$$a Leander, Victor =245 ##$$a Kamus Belanda-Indonesia, oleh Drs. Victor L Leander =260 ##$$a 1978 $b Jakarta =300 ##$$a iv, 250 hlm, 16 cm =650 ##$$a Kamus Belanda Indonsia =850 ##$$a NBPNMAT